000 00573nam a2200253Ia 4500
003 OSt
005 20220912152157.0
006 a|||||r|||| 00| 0
007 ta
008 220909b |||||||| |||| 00| 0 eng d
024 _a57144
037 _cTextual
040 _aCSL
_beng
_cCSL
041 _aeng
082 _aJ382, J8 CS
100 _aRobinson D H
245 0 _aWheat
260 _c1958
300 _ap.
_ccm.
650 _a Wheat
650 _aAgriculture
942 _hJ382, J8 CS
_cTEXL
_2CC
999 _c82415
_d82415